CES Biennial Conference Abstracts of Papers of 10th CES Biennial Conference, University of Economics, Prague, 1.12.2018
Salvato in:
| Enti autori: | , , , |
|---|---|
| Natura: | Libro |
| Lingua: | inglese ceco |
| Pubblicazione: |
Prague
Czech Economic Society
2018
|
| Edizione: | 1st Edition |
| Soggetti: | |
| Tags: |
Nessun Tag, puoi essere il primo ad aggiungerne!!
|
MARC
| LEADER | 00000nlm a2200000 4500 | ||
|---|---|---|---|
| 001 | 0249775 | ||
| 005 | 20240514064636.3 | ||
| 041 | 0 | |a eng | |
| 041 | 0 | |a cze | |
| 044 | |a CZ | ||
| 245 | 1 | 0 | |a CES Biennial Conference |b Abstracts of Papers of 10th CES Biennial Conference, University of Economics, Prague, 1.12.2018 |
| 250 | |a 1st Edition | ||
| 264 | 1 | |a Prague |b Czech Economic Society |c 2018 | |
| 300 | |a online 17 s. | ||
| 610 | 2 | 0 | |a spoločnosť informačná |
| 610 | 2 | 0 | |a reťazce hodnotové globálne |
| 610 | 2 | 0 | |a myslenie ekonomické |
| 610 | 2 | 0 | |a banky |
| 610 | 2 | 0 | |a regulácia |
| 610 | 2 | 0 | |a financie |
| 610 | 2 | 0 | |a ekonomika verejná |
| 610 | 2 | 0 | |a politika hospodárska medzinárodná |
| 610 | 2 | 0 | |a bohatstvo |
| 610 | 2 | 0 | |a rast hospodársky |
| 610 | 2 | 0 | |a politika vzdelávania |
| 610 | 2 | 0 | |a financie podnikové |
| 610 | 2 | 0 | |a kvantifikácia |
| 610 | 2 | 0 | |a politika hospodárska |
| 610 | 2 | 0 | |a inštitúcie verejnoprávne |
| 610 | 2 | 0 | |a ekonomika sociálna |
| 610 | 2 | 0 | |a politika peňažná |
| 610 | 2 | 0 | |a financie verejné |
| 610 | 2 | 0 | |a mzdy |
| 610 | 2 | 0 | |a školy vysoké |
| 610 | 2 | 0 | |a Česko |
| 110 | 2 | |a CES Biennial Conference. Conference | |
| 710 | 2 | |a Czech Economic Society | |
| 710 | 2 | |a Vysoká škola ekonomická v Praze | |
| 710 | 2 | |a Česká národní banka | |